MARC details
| 000 -CABECERA |
| campo de control de longitud fija |
02516nam a2200385 a 4500 |
| 003 - IDENTIFICADOR DEL NÚMERO DE CONTROL |
| campo de control |
CHAP |
| 005 - FECHA Y HORA DE LA ÚLTIMA TRANSACCIÓN |
| campo de control |
20230303121054.0 |
| 007 - CAMPO FIJO DE DESCRIPCIÓN FÍSICA--INFORMACIÓN GENERAL |
| campo de control de longitud fija |
ta |
| 008 - DATOS DE LONGITUD FIJA--INFORMACIÓN GENERAL |
| campo de control de longitud fija |
230210s2018 sp ado|f |||| 001 0 spa d |
| 020 ## - NÚMERO INTERNACIONAL ESTÁNDAR DEL LIBRO |
| Número Internacional Estándar del Libro |
978-84-9181-013-1 |
| 040 ## - FUENTE DE LA CATALOGACIÓN |
| Centro catalogador/agencia de origen |
mxchpua |
| Centro/agencia transcriptor |
CHAP |
| Normas de descripción |
rda |
| 050 10 - SIGNATURA TOPOGRÁFICA DE LA BIBLIOTECA DEL CONGRESO |
| Número de documento/Ítem |
RA784 |
| Número de clasificación |
.G87 2018 |
| 082 00 - NÚMERO DE LA CLASIFICACIÓN DECIMAL DEWEY |
| Número de edición |
20 |
| Número de clasificación |
613.7 |
| Número de documento/Ítem |
G87 2018 |
| 100 1# - ENTRADA PRINCIPAL--NOMBRE DE PERSONA |
| Nombre de persona |
Gustafson, Niklas |
| 9 (RLIN) |
186165 |
| 245 10 - MENCIÓN DE TÍTULO |
| Título |
Cambia lo que comes y cambiarás el mundo : |
| Resto del título |
the natural Athlete: más allá de la dieta Paleo / |
| Mención de responsabilidad, etc. |
Niklas Gustafson y Octavio Laguía ; colaboradores Oscar Matson...[y otros] |
| 250 ## - MENCIÓN DE EDICIÓN |
| Mención de edición |
1a edición |
| 264 ## - PRODUCCIÓN, PUBLICACIÓN, DISTRIBUCIÓN, FABRICACIÓN Y COPYRIGHT |
| Producción, publicación, distribución, fabricación y copyright |
Madrid : |
| Nombre del de productor, editor, distribuidor, fabricante |
Alianza Editorial, |
| Fecha de producción, publicación, distribución, fabricación o copyright |
2018 |
| 300 ## - DESCRIPCIÓN FÍSICA |
| Extensión |
251 páginas : |
| Otras características físicas |
ilustraciones, gráficas, diagramas, fotos |
| 336 ## - TIPO DE CONTENIDO |
| Fuente |
rdacontent |
| Término de tipo de contenido |
texto |
| Código de tipo de contenido |
txt |
| 337 ## - TIPO DE MEDIO |
| Fuente |
rdamedia |
| Nombre/término del tipo de medio |
sin medio |
| Código del tipo de medio |
n |
| 338 ## - TIPO DE SOPORTE |
| Fuente |
rdacarrier |
| Nombre/término del tipo de soporte |
volumen |
| Código del tipo de soporte |
nc |
| 520 1# - SUMARIO, ETC. |
| Sumario, etc. |
NIKLAS GUSTAFSON, experto en Dietética y Nutrición Humana por la Universidad de Cádiz, ofrece un panorama completo de todos los aspectos relacionados con la alimentación: desde los intereses que patrocina la industria alimentaria, una de las más importantes del mundo, a las desastrosas consecuencias de ingerir sin control carbohidratos y azúcares refinados y las claves que nos permiten elegir los alimentos más adecuados para nuestro cuerpo. Para poner en práctica esta revolucionaria manera de entender la alimentación, la segunda parte del libro ofrece un completo conjunto de recetas basadas en la Dieta Paleo, con alimentos más nutritivos y beneficiosos para nuestro organismo.<br/><br/>Pero la propuesta de "Cambia lo que comes y cambiarás el mundo" no se detiene en la Dieta Paleo y sus principios. Este libro trata de nuestro cuerpo desde un punto de vista global. Nos recuerda la importancia del descanso, del contacto con la naturaleza, de volver a disfrutar de lo que nos rodea, de vivir de una manera responsable. En definitiva, nos plantea un cambio en nuestro estilo de vida para escuchar lo que nuestro cuerpo nos pide y actuar en consecuencia. |
| 650 13 - PUNTO DE ACCESO ADICIONAL DE MATERIA--TÉRMINO DE MATERIA |
| 9 (RLIN) |
146880 |
| Término de materia o nombre geográfico como elemento de entrada |
Nutrición óptima |
| 650 13 - PUNTO DE ACCESO ADICIONAL DE MATERIA--TÉRMINO DE MATERIA |
| 9 (RLIN) |
161671 |
| Término de materia o nombre geográfico como elemento de entrada |
Alimentos saludables |
| 650 13 - PUNTO DE ACCESO ADICIONAL DE MATERIA--TÉRMINO DE MATERIA |
| 9 (RLIN) |
186168 |
| Término de materia o nombre geográfico como elemento de entrada |
Alimentación saludable |
| 650 13 - PUNTO DE ACCESO ADICIONAL DE MATERIA--TÉRMINO DE MATERIA |
| 9 (RLIN) |
186170 |
| Término de materia o nombre geográfico como elemento de entrada |
Hábitos alimenticios saludables |
| 650 13 - PUNTO DE ACCESO ADICIONAL DE MATERIA--TÉRMINO DE MATERIA |
| 9 (RLIN) |
186300 |
| Término de materia o nombre geográfico como elemento de entrada |
Optimal nutrition |
| 650 13 - PUNTO DE ACCESO ADICIONAL DE MATERIA--TÉRMINO DE MATERIA |
| 9 (RLIN) |
161673 |
| Término de materia o nombre geográfico como elemento de entrada |
Health foods |
| 650 13 - PUNTO DE ACCESO ADICIONAL DE MATERIA--TÉRMINO DE MATERIA |
| 9 (RLIN) |
147888 |
| Término de materia o nombre geográfico como elemento de entrada |
Nutrition |
| 650 13 - PUNTO DE ACCESO ADICIONAL DE MATERIA--TÉRMINO DE MATERIA |
| 9 (RLIN) |
186169 |
| Término de materia o nombre geográfico como elemento de entrada |
Healthy diet |
| 650 13 - PUNTO DE ACCESO ADICIONAL DE MATERIA--TÉRMINO DE MATERIA |
| 9 (RLIN) |
186171 |
| Término de materia o nombre geográfico como elemento de entrada |
Healthy eating habits |
| 700 1# - PUNTO DE ACCESO ADICIONAL--NOMBRE DE PERSONA |
| 9 (RLIN) |
186166 |
| Nombre de persona |
Laguía, Octavio |
| Término indicativo de función/relación |
autor |
| 700 1# - PUNTO DE ACCESO ADICIONAL--NOMBRE DE PERSONA |
| 9 (RLIN) |
186167 |
| Nombre de persona |
Mattson, Oscar |
| Término indicativo de función/relación |
colaborador |
| 942 ## - ELEMENTOS DE PUNTO DE ACCESO ADICIONAL (KOHA) |
| Fuente del sistema de clasificación o colocación |
Dewey Decimal Classification |
| Tipo de ítem Koha |
|